UBT Library

Dr. Susan Lark's Fibroid tumors & endometriosis self help book : (Record no. 41665)

000 -LEADER
fixed length control field 00983pam a2200253 a 4500
001 - CONTROL NUMBER
control field 2087206
005 - DATE AND TIME OF LATEST TRANSACTION
control field 20180202075410.0
008 - FIXED-LENGTH DATA ELEMENTS--GENERAL INFORMATION
fixed length control field 950427s1995 caua b 001 0 eng
010 ## - LIBRARY OF CONGRESS CONTROL NUMBER
LC control number 95017689
020 ## - INTERNATIONAL STANDARD BOOK NUMBER
International Standard Book Number 0890877734
040 ## - CATALOGING SOURCE
Original cataloging agency DLC
Transcribing agency DLC
Modifying agency DLC
041 ## - LANGUAGE CODE
Language code of text/sound track or separate title eng
080 ## - UNIVERSAL DECIMAL CLASSIFICATION NUMBER
Universal Decimal Classification number 616.9..366 SUS
082 00 - DEWEY DECIMAL CLASSIFICATION NUMBER
Classification number 616.9..366 SUS
Edition number 20
100 1# - Rafti
Rafti 5
101 ## - Shkurtesa
Shkurtesa KAN
240 10 - UNIFORM TITLE
Uniform title <a href="Fibroid tumors & endometriosis self help book">Fibroid tumors & endometriosis self help book</a>
245 10 - TITLE STATEMENT
Title Dr. Susan Lark's Fibroid tumors & endometriosis self help book :
Statement of responsibility, etc Susan Lark.
246 3# - VARYING FORM OF TITLE
Title proper/short title Doctor Susan Lark's Fibroid tumors and endometriosis self help book
504 ## - BIBLIOGRAPHY, ETC. NOTE
Bibliography, etc Includes bibliographical references and index.
906 ## - LOCAL DATA ELEMENT F, LDF (RLIN)
a 7
b cbc
c orignew
d 1
e ocip
f 19
g y-gencatlg
942 ## - ADDED ENTRY ELEMENTS (KOHA)
Source of classification or shelving scheme
Item type Books
Holdings
Withdrawn status Lost status Source of classification or shelving scheme Damaged status Not for loan Collection code Permanent location Current location Shelving location Date acquired Total Checkouts Full call number Barcode Date last seen Price effective from Koha item type
          Koleksioni i përgjithshem UBT - Lipjan UBT - Lipjan Koleksioni i përgjithshem 02/02/2018   616.9..366 SUS 002-2997542 02/02/2018 02/02/2018 Books
UBT Library © 2015-2024. All rights reserved University Education for Business and Technology